000 00745nam a2200205 i 4500
001 173350
003 ES-MaACL
005 20230906215223.0
008 091127s1987 pr a |||| |dspa d
020 _a0-86581-380-9
080 _a860(729.5)Laguerre, Enrique A. 1.06
100 1 _aMonserrat Gámiz, María del Carmen.
_9141646
245 1 0 _aEnrique A. Laguerre y "los amos benévolos" /
_cMaría del Carmen Monserrat Gámiz.
250 _a1ª ed.
260 _aSan Juan de Puerto Rico :
_bInstituto de Cultura Puertorriqueña,
_c1987.
300 _a582 p. :
_bil. ;
_c24 cm.
600 1 7 _aLaguerre, Enrique A.-
_xCrítica e interpretación.
_969613
710 2 _aInstituto de Cultura Puertorriqueña.
_94858
852 _aES-MaACL
_jC-56985
999 _c173350
_d173350